Faculty of Law Library — Cairo University

Official Online Catalog

Les exceptions préliminaires dans la Convention européenne des droits de l'homme / (Record no. 71328)

MARC details
000 -LEADER
fixed length control field 01317nam a2200361 i 4500
003 - CONTROL NUMBER IDENTIFIER
control field EG-GICUC
005 - DATE AND TIME OF LATEST TRANSACTION
control field 20260416085309.0
008 - FIXED-LENGTH DATA ELEMENTS--GENERAL INFORMATION
fixed length control field 260416s1997 be ||fr|||| 001 0 fre d
040 ## - CATALOGING SOURCE
Original cataloging agency EG-GiCUC
Language of cataloging fre
Transcribing agency EG-GiCUC
Modifying agency EG-GiCUC
Description conventions Rda
041 #0 - LANGUAGE CODE
Language code of text/sound track or separate title fre
082 04 - DEWEY DECIMAL CLASSIFICATION NUMBER
Edition number 21
Classification number 341.48
Item number DE . E
092 04 - LOCALLY ASSIGNED DEWEY CALL NUMBER (OCLC)
Edition number 21
099 ## - LOCAL FREE-TEXT CALL NUMBER (OCLC)
Classification number Law1 11 341.48 DE . E 1997
100 #1 - MAIN ENTRY--PERSONAL NAME
Personal name de Bruyn, Donatienne
Relator term Auteur
245 14 - TITLE STATEMENT
Title Les exceptions préliminaires dans la Convention européenne des droits de l'homme /
Statement of responsibility, etc. Donatienne de Bruyn, Sébastien Depré, Michel Kaiser, Pierre Lambert, Bruno Lombaert, Marc Verdussen.
264 #1 - PRODUCTION, PUBLICATION, DISTRIBUTION, MANUFACTURE, AND COPYRIGHT NOTICE
Place of production, publication, distribution, manufacture Brulylant :
Name of producer, publisher, distributor, manufacturer Bruylant,
Date of production, publication, distribution, manufacture, or copyright notice 1997.
300 ## - PHYSICAL DESCRIPTION
Extent 181 page,
Dimensions 24 cm.
336 ## - CONTENT TYPE
Source rda contenu
Content type term texte
337 ## - MEDIA TYPE
Source rda medias
Media type term Ordinateur
338 ## - CARRIER TYPE
Source transporteur rda
Carrier type term Ressource en ligne
490 ## - SERIES STATEMENT
Series statement Droit Et Justice
Volume/sequential designation 18
504 ## - BIBLIOGRAPHY, ETC. NOTE
Bibliography, etc. note Comprend des références bibliographiques.<br/><br/>
546 ## - LANGUAGE NOTE
Language note Texte en français
650 14 - SUBJECT ADDED ENTRY--TOPICAL TERM
Topical term or geographic name entry element Droit international public
700 1# - ADDED ENTRY--PERSONAL NAME
Personal name Depré , Sébastien
Relator term Co-Auteur
700 1# - ADDED ENTRY--PERSONAL NAME
Personal name Kaiser , Michel
Relator term Co-Auteur
700 1# - ADDED ENTRY--PERSONAL NAME
Personal name Lambert, Pierre
Relator term Co-Auteur
700 1# - ADDED ENTRY--PERSONAL NAME
Personal name Lombaert , Bruno
Relator term Co-Auteur
700 1# - ADDED ENTRY--PERSONAL NAME
Personal name Verdussen, Marc
Relator term Co-Auteur
856 40 - ELECTRONIC LOCATION AND ACCESS
Uniform Resource Identifier <a href="https://fll.law.cu.edu.eg/fulltext/bks/B11-09004.pdf">https://fll.law.cu.edu.eg/fulltext/bks/B11-09004.pdf</a>
905 ## - Cataloger and Reviser Names
Cataloger Name: Basma Mohamed
942 ## - ADDED ENTRY ELEMENTS (KOHA)
Source of classification or shelving scheme Dewey Decimal Classification
Koha item type Books
Edition 21
Suppress in OPAC No
Holdings
Withdrawn status Lost status Source of classification or shelving scheme Damaged status Not for loan Collection Home library Current library Date acquired Total checkouts Full call number Barcode Date last seen Copy number Price effective from Koha item type
    Dewey Decimal Classification   Not for loan القانون الدولي العام جــــامعة القــاهرة مكتبة كلية الحقوق - المبنى الرئيسي 16.04.2026   Law1 11 341.48 DE . E 1997 1109004 C1 B11-09004 16.04.2026 1 16.04.2026 Books

© All rights reserved — Faculty of Law, Cairo University